Theorectical and esperimental analysis of members of earthquake-proof frame-panel buildings (Record no. 546762)
[ view plain ]
| 000 -LEADER | |
|---|---|
| fixed length control field | 00446nam a22001337a 4500 |
| 082 ## - DEWEY DECIMAL CLASSIFICATION NUMBER | |
| Classification number | 624.1762 |
| Author Mark | NAP |
| -- | Don |
| 100 ## - MAIN ENTRY--PERSONAL NAME | |
| Personal name | Mardzanishvili, L.M |
| 9 (RLIN) | 42954 |
| 245 ## - TITLE STATEMENT | |
| Title | Theorectical and esperimental analysis of members of earthquake-proof frame-panel buildings |
| Statement of responsibility, etc. | M A Mardzhanishvili |
| 260 ## - PUBLICATION, DISTRIBUTION, ETC. | |
| Place of publication, distribution, etc. | New Delhi |
| Name of publisher, distributor, etc. | Oxonian Press Pvt Ltd |
| Date of publication, distribution, etc. | 1986 |
| 300 ## - PHYSICAL DESCRIPTION | |
| Extent | xi, 169 p. : |
| 526 ## - STUDY PROGRAM INFORMATION NOTE | |
| Program name | 0 |
| Interest level | 0 |
| Reading level | 0 |
| Title point value | 624_176200000000000_NAP |
| 650 ## - SUBJECT ADDED ENTRY--TOPICAL TERM | |
| Topical term or geographic name entry element | MCE |
| 9 (RLIN) | 379 |
| 942 ## - ADDED ENTRY ELEMENTS (KOHA) | |
| Source of classification or shelving scheme | |
| Koha item type | Book |
| Withdrawn status | Lost status | Source of classification or shelving scheme | Damaged status | Not for loan | Permanent Location | Current Location | Date acquired | Total Checkouts | Full call number | Barcode | Date last seen | Price effective from | Koha item type |
|---|---|---|---|---|---|---|---|---|---|---|---|---|---|
| Military College of Engineering (MCE) | Military College of Engineering (MCE) | 06/18/2014 | 624.1762 NAP | MCE-35156 | 06/18/2014 | 06/18/2014 | Book |
